Statistics for Electors of the Holy Roman Empire (1376)

Click here to take the quiz!

General Stats

  • This quiz has been taken 520 times
    (519 since last reset)
  • The average score is 5 of 7

Answer Stats

ElectorAs% Correct
CharlesKing of {Bohemia}
92%
WenceslausMargrave of {Brandenburg}
85%
WenceslausElector of {Saxony}
83%
Friedrich III von SaarwerdenPrince-Archbishop of {Cologne}
80%
Louis of MeissenPrince-Archbishop of {Mainz}
75%
Kuno II von FalkensteinPrince-Archbishop of {Trier}
73%
Rupert IElector Palatine of the {Rhine}
54%

Score Distribution

Percentile by Number Answered

Percent of People with Each Score

Your Score History

You have not taken this quiz since the last reset